आवाज़ आपकी मेरी कलम से : (Record no. 117814)
[ view plain ]
| 000 -LEADER | |
|---|---|
| fixed length control field | 01223nam a22002777a 4500 |
| 003 - CONTROL NUMBER IDENTIFIER | |
| control field | dpl |
| 005 - DATE AND TIME OF LATEST TRANSACTION | |
| control field | 20190302144145.0 |
| 008 - FIXED-LENGTH DATA ELEMENTS--GENERAL INFORMATION | |
| fixed length control field | 161024b xxu||||| |||| 00| 0 eng d |
| 010 ## - LIBRARY OF CONGRESS CONTROL NUMBER | |
| LC control number | B-075926 |
| 020 ## - INTERNATIONAL STANDARD BOOK NUMBER | |
| Terms of availability | 00.00 |
| International Standard Book Number | 8176621757 |
| 035 ## - SYSTEM CONTROL NUMBER | |
| System control number | B-075926, B-075930 |
| 037 ## - SOURCE OF ACQUISITION | |
| Source of stock number/acquisition | Cen Lib/Ret |
| 040 ## - CATALOGING SOURCE | |
| Original cataloging agency | DPL |
| Language of cataloging | HN |
| Transcribing agency | TIT |
| 082 ## - DEWEY DECIMAL CLASSIFICATION NUMBER | |
| Classification number | 821 |
| Item number | अशोक |
| 100 ## - MAIN ENTRY--PERSONAL NAME | |
| Personal name | अशोक देहलवी |
| 9 (RLIN) | 76957 |
| 245 ## - TITLE STATEMENT | |
| Title | आवाज़ आपकी मेरी कलम से : |
| Statement of responsibility, etc | अशोक देहलवी |
| Remainder of title | मेरी कल्याणकारी कवितायेँ / |
| 246 ## - VARYING FORM OF TITLE | |
| Title proper/short title | Awaz apki meri kalam se : meri kalyankari kavitayen / |
| Remainder of title | by Ashok Dehalvi |
| 260 ## - PUBLICATION, DISTRIBUTION, ETC. (IMPRINT) | |
| Place of publication, distribution, etc | नयी दिल्ली |
| Name of publisher, distributor, etc | मिनर्वा प्रकाशन |
| Date of publication, distribution, etc | 2000 |
| 270 ## - ADDRESS | |
| City | नयी दिल्ली |
| Address | 13 पालम मार्ग, वसन्त विहार |
| Postal code | 110057 |
| 300 ## - PHYSICAL DESCRIPTION | |
| Extent | 157पृ. |
| Dimensions | 21सेमी (सजिल्द) |
| 650 ## - SUBJECT ADDED ENTRY--TOPICAL TERM | |
| Topical term or geographic name as entry element | साहित्य--कविता |
| 9 (RLIN) | 76958 |
| 650 ## - SUBJECT ADDED ENTRY--TOPICAL TERM | |
| Topical term or geographic name as entry element | हिन्दी कविताएं |
| 9 (RLIN) | 76959 |
| 650 ## - SUBJECT ADDED ENTRY--TOPICAL TERM | |
| Topical term or geographic name as entry element | Literature--Poetry |
| 9 (RLIN) | 76960 |
| 650 ## - SUBJECT ADDED ENTRY--TOPICAL TERM | |
| Topical term or geographic name as entry element | Hindi poetry |
| 9 (RLIN) | 76961 |
| 942 ## - ADDED ENTRY ELEMENTS (KOHA) | |
| Source of classification or shelving scheme | Dewey Decimal Classification |
| Koha item type | Hindi Books |
| Classification part | 821 |
| Call number suffix | अशोक |
| Withdrawn status | Lost status | Damaged status | Not for loan | Home library | Current library | Date acquired | Source of acquisition | Cost, normal purchase price | Total Checkouts | Full call number | Barcode | Date last seen | Copy number | Cost, replacement price | Price effective from | Koha item type | Source of classification or shelving scheme | Collection code |
|---|---|---|---|---|---|---|---|---|---|---|---|---|---|---|---|---|---|---|
| Central Library | Central Library | 08/09/2015 | Cen Lib/Ret | 0.00 | 821 अशोक | B-075926 | 08/09/2015 | 1 | 0.00 | 08/09/2015 | Hindi Books | |||||||
| Shahdara Branch | Shahdara Branch | 02/03/2019 | BPPD/PUB | 0.00 | 821 अशोक | B-075930 | 02/03/2019 | 0.00 | 02/03/2019 | Hindi Books | Dewey Decimal Classification | Non-fiction |
